00486 2200193 4500245005100000020002200051250000900073100002300082700002800105650001300133650001400146650001800160005001900178260003800197041001400235084001300249300002100262336000900283 aPerempuan & Al QurancSiti Rahmah HanifahText a978-623-7582-47-2 a2021 aSiti Rahmah Hanifa aJulananda Putri Sahasti aAl-Quran aPerempuan aKisah Teladan a20240906110034 aJawa BaratbPenerbit Khairac2021 aIndonesia a297.1226 a173 hlm :c20 cm atext